LEADER 00927nam a2200241 i 4500 001 991003726079707536 008 080617s2008 it 000 0 ita d 020 $a8824317626 035 $ab13742498-39ule_inst 040 $aDip.to Studi Giuridici$bita 082 0 $a344.04194 100 $aCricenti, Giuseppe$0237840 245 12$aI diritti sul corpo /$cGiuseppe Cricenti 260 $aNapoli :$bJovene,$c2008 300 $ax, 213 p. ;$c24 cm 440 0$aPubblicazioni del Dipartimento di scienze giuridiche, Università degli Studi di Roma "La Sapienza" ;$v18 650 4$aCorpo umano$xConcezione giuridica 907 $a.b13742498$b02-04-14$c17-06-08 912 $a991003726079707536 945 $aLE027 344.04 CRI01.01$g1$i2027000185900$lle027$o-$pE18.00$q-$rl$s- $t0$u4$v3$w4$x0$y.i14804931$z17-07-08 996 $aDiritti sul corpo$91012454 997 $aUNISALENTO 998 $ale027$b17-06-08$cm$da $e-$fita$git $h2$i0 LEADER 01405nam 2200397Ka 450 001 9910696410303321 005 20080403121057.0 035 $a(CKB)5470000002378743 035 $a(OCoLC)214324987 035 $a(EXLCZ)995470000002378743 100 $a20080328d2005 ua 0 101 0 $aeng 181 $ctxt$2rdacontent 182 $cc$2rdamedia 183 $acr$2rdacarrier 200 10$aReturning to the returns to computer use$b[electronic resource] /$fSabrina Wulff Pabilonia, Cindy Zoghi 210 1$a[Washington, D.C.] :$cU.S. Dept. of Labor, Bureau of Labor Statistics, Office of Productivity and Technology,$d[2005] 215 $a10 pages $cdigital, PDF file 225 1 $aWorking paper ;$v377 300 $aTitle from title screen (viewed on Mar. 26, 2008). 300 $a"February 2005." 606 $aComputer use wage premiums 606 $aComputer literacy$xEconomic aspects 606 $aWages 615 0$aComputer use wage premiums. 615 0$aComputer literacy$xEconomic aspects. 615 0$aWages. 700 $aPabilonia$b Sabrina Wulff$01393707 701 $aZoghi$b Cindy$01382837 712 02$aUnited States.$bBureau of Labor Statistics.$bOffice of Productivity and Technology. 801 0$bGPO 801 1$bGPO 906 $aBOOK 912 $a9910696410303321 996 $aReturning to the returns to computer use$93518318 997 $aUNINA